| 000 | 00956nam2a2200229 4500 | ||
|---|---|---|---|
| 001 | rc\2891952 | ||
| 005 | 20260315053114.0 | ||
| 035 | _a(NLR Aleph) 007044226 | ||
| 090 |
_a13588588 _c13588588 |
||
| 100 | _a20110725d1930 u y0rusy50 ca | ||
| 101 | 0 | _arus | |
| 102 | _aRU | ||
| 105 | _ay z ||||| | ||
| 200 | 0 | _aЧ. 1 | |
| 210 | _d1930 | ||
| 215 | _a201, [2] с. | ||
| 461 | 0 |
_1001rc\2891951 _12000#$aНаставление по ведению занятий в частях конницы Р.К.К.А.$eЧ. 1-$fСССР. Нар. ком. по воен. и мор. дел.$vЧ. 1 _96127204 _aСССР _cМосква _d1930 _fСССР. Нар. ком. по воен. и мор. дел. _nV упр. Штаба Р.К.К.А. _oЧ. 1- _tНаставление по ведению занятий в частях конницы Р.К.К.А. _vЧ. 1 |
|
| 801 | 0 |
_aRU _bNLR _gpsbo |
|
| 801 | 1 |
_aRU _bELAR _2rusmarc |
|
| 852 |
_aNLR _j30.15/92(1) |
||
| 942 | _cUNSPEC | ||
| 980 | _aNB | ||